El pueblo del Señor : las fiestas y peregrinaciones de Chalma /

Acercamiento sociológico a la religiosidad de lo sectores pobres de la población mexicana, que peregrinan al Santuario del Señor de Chalma, para pedir favores o simplemente intercesión para el perdón de los pecados. La obra se remonta hasta la época prehispánica, pasando por la aparición de Chalma e...

ver descrição completa

Na minha lista:
Detalhes bibliográficos
Autor principal: Rodríguez-Shadow, María J. (autor)
Outros Autores: Shadow, Roberto D. (autor) (autor)
Formato: Livro
Idioma:espanhol
Publicado em: Toluca, México : Universidad Autónoma del Estado de México, 2000, c2000
coleção:(Historia ; 23)
Assuntos:
Tags: Adicionar Tag
Sem tags, seja o primeiro a adicionar uma tag!

MARC

LEADER 00000nam^a2200000^a^4500
001 000126616
005 20250521000000.0
009 20260310094733.399
020 |a 968-835-562-3 
037 |a Acervo ITESO - Biblioteca 
041 |a ESP 
082 |a 232. 97l  |b ROD 
100 |a Rodríguez-Shadow, María J.  |e (autor) 
245 1 3 |a El pueblo del Señor :  |b las fiestas y peregrinaciones de Chalma /  |c M.J. Rodríguez-Shadow, R.D. Shadow ; pref. de Beatriz Barba de Piña Chan. 
264 4 |a Toluca, México :  |b Universidad Autónoma del Estado de México,  |c 2000, c2000 
300 |a 204 p. 
336 |a texto  |b txt  |2 rdacontenido 
337 |a sin mediación  |b n  |2 rdamedio 
338 |a volumen  |b nc  |2 rdasoporte 
440 1 |a (Historia ;  |v 23) 
520 |a Acercamiento sociológico a la religiosidad de lo sectores pobres de la población mexicana, que peregrinan al Santuario del Señor de Chalma, para pedir favores o simplemente intercesión para el perdón de los pecados. La obra se remonta hasta la época prehispánica, pasando por la aparición de Chalma en la colonia, para llegar al pueblo y santuario actual. Incluye un capítulo sobre las diversas fiestas que se desarrollan en torno al centro religioso. 
649 |a XX 
650 |a Jesucristo -  |x Culto -  |x Tema Principal 
650 |a Jesucristo -  |z Chalma, México (Estado) -  |x Apariciones -  |x Tema Principal 
650 |a Jesucristo -  |z México -  |x Apariciones 
650 |a Jesucristo -  |z Chalma, México (Estado) -  |x Milagros 
650 |a Jesucristo -  |z México -  |x Milagros 
650 |a Peregrinaciones -  |z Chalma, México (Estado) -  |x Milagros 
650 |a Peregrinaciones -  |z México -  |x Milagros 
650 |a Fiestas Religiosas -  |z Chalma, México (Estado) 
650 |a Fiestas Religiosas -  |z México 
650 |a Ritos Religiosos -  |z Chalma, México (Estado) 
650 |a Ritos Religiosos -  |z México 
650 |a Catolicismo -  |z Chalma, México (Estado) 
650 |a Catolicismo -  |z México 
650 |a Cristianismo -  |z Chalma, México (Estado) 
650 |a Cristianismo -  |z México 
650 |a Religión -  |z Chalma, México (Estado) 
650 |a Religión -  |z México 
650 |a Sociología de la Religión 
650 |a Sociología de la Cultura 
700 |a Shadow, Roberto D.  |e (autor) 
910 |a Fondo General 
920 |a Impresos - Libros 
930 |a Colección General 
905 |a 101 
901 |a 0500058776  |b IT1  |c ACC  |u 20250521 
902 |a https://opac.biblio.iteso.mx/vufind/Record/000126616